[Event "PRO League Eastern 2017"]
[Site "chess.com INT"]
[Date "2017.01.11"]
[Round "1"]
[White "Asik, Josip"]
[Black "Rakesh, Kumar Jena"]
[Result "0-1"]
[WhiteTitle "FM"]
[BlackTitle "FM"]
[WhiteElo "2283"]
[BlackElo "2335"]
[WhiteTeam "Belgrade Sparrows"]
[BlackTeam "Odisha Express"]
[WhiteFideId "916030"]
[BlackFideId "5084822"]
[EventDate "2017.01.11"]

1. e4 c5 2. Nf3 d6 3. d4 cxd4 4. Qxd4 Nc6 5. Bb5 Bd7 6. Bxc6 Bxc6 7. c4 Nf6 8.
Nc3 e6 9. O-O Be7 10. b3 O-O 11. Bb2 Qb6 12. Qxb6 axb6 13. Rfe1 Nd7 14. Nd4 Bf6
15. Rad1 Be5 16. g3 g5 17. f3 Nc5 18. b4 Na4 19. Nxa4 Bxa4 20. Rd2 Rfc8 21. Rc1
Rc7 22. f4 gxf4 23. gxf4 Bxf4 24. Rg2+ Kf8 25. Rf1 Be3+ 26. Kh1 Bxd4 27. Bxd4
Rxc4 28. Bg7+ Ke7 29. Bf6+ Kd7 30. e5 Bc6 0-1

[Event "PRO League Eastern 2017"]
[Site "chess.com INT"]
[Date "2017.01.11"]
[Round "1"]
[White "Ankit, R. Rajpara"]
[Black "Tadic, Branko"]
[Result "0-1"]
[WhiteTitle "GM"]
[BlackTitle "GM"]
[WhiteElo "2474"]
[BlackElo "2472"]
[WhiteTeam "Odisha Express"]
[BlackTeam "Belgrade Sparrows"]
[WhiteFideId "5023335"]
[BlackFideId "916412"]
[EventDate "2017.01.11"]

1. d4 Nf6 2. c4 g6 3. Nf3 Bg7 4. g3 O-O 5. Bg2 c5 6. O-O cxd4 7. Nxd4 Nc6 8. Nc3
Qa5 9. Nc2 d6 10. Bd2 Qh5 11. e4 Ng4 12. h3 Nge5 13. Qxh5 gxh5 14. Ne3 Bxh3 15.
f4 Bxg2 16. Kxg2 Ng4 17. Nf5 Bxc3 18. bxc3 Rfd8 19. Rh1 e6 20. Ne3 Na5 21. Rxh5
Nxe3+ 22. Bxe3 Nxc4 23. Bf2 f6 24. Rh6 Rf8 25. g4 Rf7 26. Rd1 Rc8 27. Rd3 b5 28.
Bh4 Kg7 29. Rh5 a6 30. Rh3 Kg8 31. Rd3 e5 32. f5 Rc6 33. Be1 Nb2 34. Rg3 Rg7 35.
Bd2 b4 36. Bh6 Rgc7 37. g5 Rxc3 38. gxf6+ Rxg3+ 39. Kxg3 Rc2 40. Rg5+ Kf7 41.
Rg7+ Kxf6 42. Rd7 Nc4 43. Bg7+ Kg5 44. f6 Rc3+ 45. Kh2 Kg6 46. Bh8 Rf3 47. Rg7+
Kh6 48. Rc7 Nd2 49. Bg7+ Kg6 50. Rc1 Nxe4 51. Rc6 a5 52. Ra6 h5 53. Rxa5 Nxf6
54. Bf8 Ng4+ 0-1

[Event "PRO League Eastern 2017"]
[Site "chess.com INT"]
[Date "2017.01.11"]
[Round "1"]
[White "Ankit, R. Rajpara"]
[Black "Arsovic, Goran"]
[Result "1-0"]
[WhiteTitle "GM"]
[BlackTitle "IM"]
[WhiteElo "2474"]
[BlackElo "2401"]
[WhiteTeam "Odisha Express"]
[BlackTeam "Belgrade Sparrows"]
[WhiteFideId "5023335"]
[BlackFideId "901792"]
[EventDate "2017.01.11"]

1. Nf3 Nf6 2. g3 g6 3. Bg2 Bg7 4. O-O O-O 5. d4 d6 6. c4 c6 7. Nc3 Qb6 8. b3 e5
9. dxe5 dxe5 10. Ng5 Rd8 11. Qc2 Bf5 12. Nge4 Nxe4 13. Bxe4 Be6 14. Na4 Qa5 15.
Bg5 f6 16. Be3 Na6 17. Rfd1 Bf8 18. Rxd8 Rxd8 19. a3 Bxa3 20. Bxg6 Rd7 21. Bf5
Kf7 22. Bxe6+ Kxe6 23. Nc3 Qb4 24. Ne4 Qe7 25. c5 Bb4 26. Qc4+ Rd5 27. Rxa6 bxa6
28. Qxb4 Rd1+ 29. Kg2 Qd7 30. Nc3 Ra1 31. Qc4+ Ke7 32. Qg8 Qe6 33. Qxh7+ Qf7 34.
Qe4 Qxb3 35. Qxc6 Qxc3 36. Qd6+ Kf7 37. c6 Ra4 38. Qd7+ Kg6 39. Qe8+ Kg7 40.
Qd7+ Kg6 41. h4 Qc2 42. Qe8+ Kg7 43. Qd7+ Kg6 44. g4 Qe4+ 45. Kg3 f5 46. h5+ Kf6
47. g5# 1-0

[Event "PRO League Eastern 2017"]
[Site "chess.com INT"]
[Date "2017.01.11"]
[Round "1"]
[White "Cawdery, Daniel"]
[Black "Shaposhnikov, Evgeny"]
[Result "0-1"]
[WhiteTitle "IM"]
[BlackTitle "GM"]
[WhiteElo "2418"]
[BlackElo "2557"]
[WhiteTeam "Johannesburg Koeksisters"]
[BlackTeam "Gorky Stormbringers"]
[WhiteFideId "14300249"]
[BlackFideId "4122232"]
[EventDate "2017.01.11"]

1. e4 c5 2. Nf3 e6 3. d4 cxd4 4. Nxd4 a6 5. Bd3 Ne7 6. O-O Nbc6 7. c3 Ng6 8. Be3
Be7 9. f4 O-O 10. Nd2 e5 11. Nxc6 dxc6 12. Qc2 exf4 13. Bxf4 Be6 14. Bg3 Bd6 15.
e5 Bc7 16. Rad1 Qe7 17. Kh1 Rad8 18. Rde1 Qd7 19. Bxg6 hxg6 20. Ne4 Qd3 21. Qxd3
Rxd3 22. Nc5 Rd2 23. Rf2 Rxf2 24. Bxf2 Bxa2 25. b3 Bb6 26. Bd4 Bxc5 27. Bxc5 Rd8
28. Bd6 a5 29. b4 a4 30. Ra1 Bb3 31. Kg1 b5 32. Kf2 g5 33. Ke3 Kh7 34. Kd4 Kg6
35. Kc5 Bd5 36. g3 Rh8 37. g4 Rh4 38. c4 Bxc4 39. Kxc6 Rxg4 40. Bc5 Re4 41. Bd6
Re3 42. Rg1 a3 43. h4 f6 44. exf6 gxf6 45. hxg5 f5 46. Bc5 Re6+ 47. Kd7 a2 48.
Bd4 Re4 49. Bf6 f4 50. Rh1 f3 51. Rh6+ Kf5 52. Rh1 f2 0-1

[Event "PRO League Eastern 2017"]
[Site "chess.com INT"]
[Date "2017.01.11"]
[Round "1"]
[White "Cawdery, Daniel"]
[Black "Yatzenko, Anton"]
[Result "1/2-1/2"]
[WhiteTitle "IM"]
[WhiteElo "2418"]
[BlackElo "2361"]
[WhiteTeam "Johannesburg Koeksisters"]
[BlackTeam "Gorky Stormbringers"]
[WhiteFideId "14300249"]
[BlackFideId "4157826"]
[EventDate "2017.01.11"]

1. e4 e6 2. d4 d5 3. Nd2 c5 4. exd5 Qxd5 5. Ngf3 cxd4 6. Bc4 Qd6 7. O-O Nf6 8.
Nb3 Nc6 9. Nbxd4 Nxd4 10. Nxd4 a6 11. Re1 Bd7 12. c3 Qc7 13. Bb3 O-O-O 14. Qf3
Bd6 15. h3 h6 16. Be3 Kb8 17. Rad1 e5 18. Nc2 Bc6 19. Qe2 g5 20. Nb4 Bxb4 21.
cxb4 Nd5 22. Bc5 Rhe8 23. Bxd5 Bxd5 24. Qe3 Qc6 25. Rc1 Qe6 26. b5 Rc8 27. Qa3
Ka8 28. Bd6 Rxc1 29. Rxc1 Rd8 30. Bc7 Rc8 31. bxa6 bxa6 32. Rc3 Bb7 33. Qa5 e4
34. Bg3 f5 35. Qe5 Qd7 36. Qd6 Qe8 37. Be5 Rd8 38. Qf6 Rd5 39. Bd4 Qd8 40. Qxd8+
Rxd8 41. Bg7 Rd1+ 42. Kh2 f4 43. Rc2 e3 44. fxe3 fxe3 45. Bc3 Rf1 46. Kg3 h5 47.
Re2 h4+ 48. Kg4 Rf2 49. Rxe3 Rxg2+ 50. Kh5 Bc6 51. Bf6 Kb7 52. Bxg5 Rxb2 53. a3
Rf2 54. Kxh4 Rf3 55. Re7+ Kb6 56. Be3+ Kb5 57. Kg4 Rf1 58. h4 Bf3+ 59. Kg5 Rh1
60. Rf7 Bd1 61. Rf4 a5 62. Bd2 a4 63. Bb4 Kc6 64. Kf6 Kb5 65. Kg6 Kc6 66. Rf6+
Kb5 67. Rf5+ Kc6 68. Kg5 Kb6 69. Rf6+ Kb5 70. Rh6 Be2 71. Rh8 Bd1 72. h5 Rxh5+
73. Rxh5 Bxh5 74. Kxh5 Ka6 75. Kg4 Kb7 76. Kf5 Ka8 77. Ke6 Kb7 78. Kd7 Ka8 79.
Kc6 Ka7 80. Bc5+ Ka8 81. Kb5 Kb7 82. Kxa4 Ka8 83. Kb5 Kb7 84. a4 Ka8 85. a5 Kb7
86. a6+ Ka8 87. Kb6 Kb8 1/2-1/2

[Event "PRO League Eastern 2017"]
[Site "chess.com INT"]
[Date "2017.01.11"]
[Round "1"]
[White "Mihajlov, Sebastian"]
[Black "Reimanis, Ritvars"]
[Result "1/2-1/2"]
[WhiteTitle "FM"]
[WhiteElo "2384"]
[BlackElo "2264"]
[WhiteTeam "Norway Gnomes"]
[BlackTeam "Riga Magicians"]
[WhiteFideId "1512110"]
[BlackFideId "11602988"]
[EventDate "2017.01.11"]

1. d4 Nf6 2. c4 e6 3. Nf3 d5 4. Nc3 Be7 5. Bf4 c6 6. e3 O-O 7. h3 b6 8. Bd3 Bb7
9. O-O dxc4 10. Bxc4 c5 11. Qe2 Nd5 12. Bh2 cxd4 13. exd4 Nxc3 14. bxc3 Nc6 15.
Rad1 Na5 16. Bd3 Rc8 17. c4 Bf6 18. Ne5 g6 19. c5 Qd5 20. Qg4 bxc5 21. Be2 h5
22. Qg3 Bh4 23. Qf3 Qxf3 24. Bxf3 cxd4 25. Rxd4 Bxf3 26. Rxh4 Bd5 27. Nd7 Rfd8
28. Nf6+ Kf8 29. Ra4 Nc6 30. g4 hxg4 31. hxg4 a5 32. g5 Bf3 33. Rh4 Ke7 34. Rb1
Nd4 35. Ne4 Bxe4 36. Rxe4 Nf3+ 37. Kg2 Nxg5 38. Ra4 Rc5 39. Rb7+ Rd7 40. Rb8 e5
41. Ra8 Rdd5 42. Bg3 Ke6 43. Ra6+ Kf5 44. Ra7 f6 45. Ra3 Ne6 46. Rf3+ Nf4+ 47.
Bxf4 exf4 48. Ra3 g5 49. Kh2 Rc2 50. Kg2 Rdd2 51. R7xa5+ Kg6 52. Rf3 Rxa2 53.
Rc5 Re2 54. Rb5 Re5 55. Rb6 Ree2 56. Rb5 Re4 57. Rc3 g4 58. Rc8 Kf7 59. Rc7+ Re7
60. Rc4 g3 61. Rxf4 Rxf2+ 62. Rxf2 gxf2 63. Kxf2 Kg6 64. Kf3 Ra7 65. Kf4 Ra4+
66. Kf3 f5 67. Rb8 Kg5 68. Rg8+ Kf6 69. Rf8+ Kg6 70. Kg3 Rg4+ 71. Kf3 Rb4 72.
Kg3 Rb1 73. Kf3 Rf1+ 74. Ke2 Rf4 75. Ke3 Rh4 76. Kf3 Rh5 77. Kf4 Rh1 78. Rg8+
Kf7 79. Rg5 Rf1+ 80. Ke5 f4 81. Rf5+ Ke7 82. Rxf4 Rxf4 83. Kxf4 1/2-1/2

[Event "PRO League Eastern 2017"]
[Site "chess.com INT"]
[Date "2017.01.11"]
[Round "1"]
[White "Mihajlov, Sebastian"]
[Black "Kovalenko, Igor"]
[Result "0-1"]
[WhiteTitle "FM"]
[BlackTitle "GM"]
[WhiteElo "2384"]
[BlackElo "2684"]
[WhiteTeam "Norway Gnomes"]
[BlackTeam "Riga Magicians"]
[WhiteFideId "1512110"]
[BlackFideId "14117908"]
[EventDate "2017.01.11"]

1. d4 Nf6 2. c4 e6 3. Nf3 b6 4. a3 Bb7 5. Nc3 d5 6. cxd5 Nxd5 7. Qc2 Nxc3 8.
bxc3 Be7 9. e4 O-O 10. Bd3 c5 11. O-O Qc7 12. Be3 Rd8 13. Rfd1 Nd7 14. a4 Rac8
15. Rac1 cxd4 16. cxd4 Qxc2 17. Rxc2 Rxc2 18. Bxc2 Nf6 19. Nd2 Rc8 20. Bb1 Rc3
21. h3 Bc6 22. e5 Nd5 23. Ne4 Nxe3 24. fxe3 Rxe3 25. Rc1 Bxe4 26. Rc8+ Bf8 27.
Kf2 Bxb1 28. Kxe3 g5 29. Ra8 a5 30. Rb8 Bc2 31. Rxb6 Bxa4 32. Rb8 Kg7 33. Ra8
Bb4 34. Rb8 Bc6 35. Kf2 Bd5 36. g3 h6 37. h4 gxh4 38. gxh4 h5 0-1

[Event "PRO League Eastern 2017"]
[Site "chess.com INT"]
[Date "2017.01.11"]
[Round "1"]
[White "Klaver, Cornelis"]
[Black "Pristalov, Evgeny"]
[Result "1/2-1/2"]
[WhiteElo "2117"]
[BlackElo "2213"]
[WhiteTeam "Johannesburg Koeksisters"]
[BlackTeam "Gorky Stormbringers"]
[WhiteFideId "14301725"]
[BlackFideId "24128937"]
[EventDate "2017.01.11"]

1. d4 Nf6 2. c4 g6 3. Nc3 d5 4. Nf3 Bg7 5. Bg5 Ne4 6. Bf4 Nxc3 7. bxc3 c5 8. e3
Nc6 9. Be2 O-O 10. O-O Bg4 11. cxd5 Qxd5 12. Qb3 Qd7 13. Rab1 cxd4 14. cxd4 Na5
15. Qb5 Qxb5 16. Rxb5 b6 17. h3 Be6 18. d5 Bd7 19. Rbb1 Rfc8 20. Rfc1 Bf5 21.
Ba6 Bxb1 22. Rxc8+ Rxc8 23. Bxc8 Bxa2 24. Bb8 Bxd5 25. Bxa7 b5 26. Bc5 e6 27.
Nd4 Nb3 28. Nxb3 Bxb3 29. Kf1 Bc4+ 30. Ke1 Bc3+ 31. Kd1 Bd3 32. Ba6 f6 33. Bd4
Bxd4 34. exd4 Kf7 35. Kd2 Bf1 36. Bb7 b4 37. Kc2 Bc4 38. h4 Ke7 39. g3 Kd6 40.
Be4 f5 41. Bf3 h6 42. Kd2 Bb3 43. Bg2 g5 44. hxg5 hxg5 45. Bf3 Kc7 46. Kc1 Kb6
47. Kb2 Bc4 48. Bg2 Kb5 49. Bf3 Ka4 50. Bc6+ Ka5 51. Bf3 Kb5 52. Bg2 Be2 53. Bb7
Kc4 54. Ba6+ Kxd4 55. Bxe2 e5 56. Kb3 f4 57. gxf4 gxf4 58. Kxb4 e4 59. Kb3 f3
60. Bf1 e3 61. fxe3+ Kxe3 62. Kc2 Kf2 63. Ba6 Ke1 64. Kc3 f2 65. Kd4 f1=Q 66.
Bxf1 1/2-1/2

[Event "PRO League Eastern 2017"]
[Site "chess.com INT"]
[Date "2017.01.11"]
[Round "1"]
[White "Klaver, Cornelis"]
[Black "Gorozhanin, Mikhail"]
[Result "0-1"]
[BlackTitle "FM"]
[WhiteElo "2117"]
[BlackElo "2408"]
[WhiteTeam "Johannesburg Koeksisters"]
[BlackTeam "Gorky Stormbringers"]
[WhiteFideId "14301725"]
[BlackFideId "4178262"]
[EventDate "2017.01.11"]

1. d4 d5 2. c4 e6 3. Nc3 c6 4. Nf3 dxc4 5. a4 Bb4 6. e3 b5 7. Be2 a6 8. O-O Bb7
9. Bd2 Nf6 10. Ne5 O-O 11. Bf3 Nd5 12. Qe2 Be7 13. h3 Nd7 14. e4 Nxc3 15. bxc3
Nxe5 16. dxe5 Qc7 17. Bf4 Rad8 18. Rfb1 Rd3 19. Qe1 Rfd8 20. Be2 R3d7 21. Bg3
Qc8 22. f4 Bc5+ 23. Kh2 Be3 24. Ra3 Qc7 25. f5 Bc8 26. fxe6 fxe6 27. Bg4 Rd3 28.
axb5 cxb5 29. Rba1 Bd2 30. Qf2 Bxc3 31. Rxa6 Rxg3 32. Ra7 Qxe5 0-1

[Event "PRO League Eastern 2017"]
[Site "chess.com INT"]
[Date "2017.01.11"]
[Round "1"]
[White "Debashis, Das"]
[Black "Asik, Josip"]
[Result "1-0"]
[WhiteTitle "GM"]
[BlackTitle "FM"]
[WhiteElo "2472"]
[BlackElo "2283"]
[WhiteTeam "Odisha Express"]
[BlackTeam "Belgrade Sparrows"]
[WhiteFideId "5024854"]
[BlackFideId "916030"]
[EventDate "2017.01.11"]

1. d4 e6 2. c4 b6 3. e4 Bb7 4. Bd3 Nc6 5. Ne2 Nb4 6. Nbc3 Nxd3+ 7. Qxd3 g6 8. h4
h6 9. h5 g5 10. f4 gxf4 11. Bxf4 d6 12. O-O-O Qd7 13. d5 O-O-O 14. Rhf1 Be7 15.
e5 dxe5 16. Bxe5 f6 17. Bh2 exd5 18. cxd5 Bd6 19. Bxd6 Qxd6 20. Nd4 Bxd5 21.
Ndb5 Qc5 22. Qf5+ Kb8 23. Rxd5 Rxd5 24. Qxd5 Qxd5 25. Nxd5 c6 26. Re1 cxd5 27.
Re8+ Kb7 28. Kd2 Kc6 29. Nd4+ Kd7 30. Ra8 Kd6 31. Nf5+ Ke6 32. Nh4 Rh7 33. Rxg8
Rc7 34. g4 1-0

[Event "PRO League Eastern 2017"]
[Site "chess.com INT"]
[Date "2017.01.11"]
[Round "1"]
[White "Debashis, Das"]
[Black "Simonovic, Miroslav"]
[Result "1-0"]
[WhiteTitle "GM"]
[BlackTitle "CM"]
[WhiteElo "2472"]
[BlackElo "2219"]
[WhiteTeam "Odisha Express"]
[BlackTeam "Belgrade Sparrows"]
[WhiteFideId "5024854"]
[BlackFideId "919152"]
[EventDate "2017.01.11"]

1. d4 Nf6 2. c4 c5 3. d5 b5 4. cxb5 a6 5. bxa6 Bxa6 6. Nc3 d6 7. e4 Bxf1 8. Kxf1
Nbd7 9. Nf3 g6 10. g3 Bg7 11. Kg2 O-O 12. a4 Qa5 13. Bd2 Rfb8 14. Nb5 Qd8 15.
Qc2 Ng4 16. Bc3 Nge5 17. Nxe5 Nxe5 18. b3 h5 19. h4 Qc8 20. Qe2 Rb7 21. Rhc1 f5
22. b4 fxe4 23. Qxe4 Qf5 24. Qxf5 gxf5 25. bxc5 dxc5 26. d6 Nd3 27. Rc2 Bxc3 28.
Rxc3 Rxb5 29. axb5 Rxa1 30. Rxd3 exd6 31. Rxd6 Rb1 32. Rd5 c4 33. Rxf5 c3 34.
Rc5 Rb3 35. Rxh5 Kf7 36. Rc5 Ke6 37. b6 Kd6 38. Rc8 Kd7 39. b7 Rxb7 40. Rxc3 Ke7
41. Rf3 1-0

[Event "PRO League Eastern 2017"]
[Site "chess.com INT"]
[Date "2017.01.11"]
[Round "1"]
[White "Kolosovsky, A"]
[Black "Kotepalli, Sai Nirupama"]
[Result "0-1"]
[BlackTitle "WFM"]
[WhiteElo "2074"]
[BlackElo "1978"]
[WhiteTeam "Shymkent Nomads"]
[BlackTeam "Amaravati Yodhas"]
[WhiteFideId "13705059"]
[BlackFideId "5039444"]
[EventDate "2017.01.11"]

1. b3 Nc6 2. Bb2 Nf6 3. e3 g6 4. Bxf6 exf6 5. c4 Bg7 6. Nc3 O-O 7. Rc1 b6 8. g3
Bb7 9. Bg2 Qc8 10. Nd5 Re8 11. Ne2 a5 12. O-O f5 13. d4 Nd8 14. Nec3 Ne6 15. Qd2
Rb8 16. Nb5 Qd8 17. Nbc3 h5 18. Ne2 h4 19. Nef4 Ng5 20. f3 hxg3 21. hxg3 c6 22.
Nc3 Qe7 23. e4 c5 24. dxc5 Qxc5+ 25. Kh2 Bxc3 26. Rxc3 fxe4 27. Nd5 Bxd5 28.
cxd5 Qe7 29. Re1 f5 30. fxe4 fxe4 31. Rce3 Qh7+ 32. Kg1 Re5 33. Bxe4 Rxe4 34.
Rxe4 Nf3+ 35. Kg2 Nxd2 36. Re7 Qh5 37. R1e5 Qf3+ 38. Kh2 Nf1+ 39. Kh3 Qxg3# 0-1

[Event "PRO League Eastern 2017"]
[Site "chess.com INT"]
[Date "2017.01.11"]
[Round "1"]
[White "Kolosovsky, A"]
[Black "Bommini, Mounika Akshaya"]
[Result "0-1"]
[BlackTitle "WFM"]
[WhiteElo "2074"]
[BlackElo "1700"]
[WhiteTeam "Shymkent Nomads"]
[BlackTeam "Amaravati Yodhas"]
[WhiteFideId "13705059"]
[BlackFideId "25019872"]
[EventDate "2017.01.11"]

1. c4 e5 2. g3 Nc6 3. Bg2 Nf6 4. Nf3 g6 5. O-O Bg7 6. d4 exd4 7. Nxd4 Nxd4 8.
Qxd4 O-O 9. Bg5 h6 10. Be3 d6 11. Qd2 Kh7 12. Nc3 Qe7 13. Rac1 c6 14. Rfd1 Rd8
15. Bf4 Bf8 16. c5 d5 17. Bd6 Qe8 18. e4 Bxd6 19. cxd6 dxe4 20. Qd4 Qe6 21. Nxe4
Nxe4 22. Bxe4 Bd7 23. Re1 Qxa2 24. Qf6 Rg8 25. h4 Rae8 26. h5 Be6 27. Ra1 Qb3
28. Rxa7 Bd5 29. hxg6+ fxg6 30. f3 Qb6+ 31. Kg2 Qxa7 32. Bxg6+ Rxg6 33. Re7+
Rxe7 34. Qxe7+ Rg7 35. Qf6 b6 36. Qf5+ Kh8 37. Qf8+ Bg8 38. Qf6 Qd7 39. Qxh6+
Rh7 40. Qf6+ Qg7 41. Qd8 Qxb2+ 42. Kg1 Qh2+ 43. Kf1 Qh3+ 44. Kf2 Qh2+ 45. Ke3
Qxg3 46. Qf6+ Qg7 47. Qf5 Qc3+ 48. Kf2 Qd2+ 49. Kg3 Qxd6+ 50. f4 Qd7 51. Qf6+
Qg7+ 52. Qxg7+ Rxg7+ 53. Kf3 Rd7 0-1

[Event "PRO League Eastern 2017"]
[Site "chess.com INT"]
[Date "2017.01.11"]
[Round "1"]
[White "Simonovic, Miroslav"]
[Black "Sidhant, Mohapatra"]
[Result "0-1"]
[WhiteTitle "CM"]
[WhiteElo "2219"]
[BlackElo "2267"]
[WhiteTeam "Belgrade Sparrows"]
[BlackTeam "Odisha Express"]
[WhiteFideId "919152"]
[BlackFideId "5028698"]
[EventDate "2017.01.11"]

1. e4 c5 2. c4 Nc6 3. Nc3 d6 4. g3 g6 5. Bg2 Bg7 6. d3 Nf6 7. Nge2 O-O 8. h3 a6
9. O-O Rb8 10. a4 b6 11. Be3 Nd7 12. f4 Bb7 13. Rb1 e6 14. Qd2 Nd4 15. b3 f5 16.
Bf2 Qc7 17. g4 Rbe8 18. Kh2 Kh8 19. Bg3 Nf6 20. g5 Nh5 21. Nxd4 cxd4 22. Ne2 e5
23. Rbe1 Nxg3 24. Kxg3 fxe4 25. dxe4 exf4+ 26. Nxf4 Be5 27. Rf2 d5 28. cxd5 Bxd5
29. Ref1 Bxb3 30. Kh4 Kg7 31. Nd3 Bg3+ 32. Kg4 Be6+ 33. Rf5 gxf5+ 34. exf5 Bxf5+
35. Rxf5 Rxf5 0-1

[Event "PRO League Eastern 2017"]
[Site "chess.com INT"]
[Date "2017.01.11"]
[Round "1"]
[White "Shaposhnikov, Evgeny"]
[Black "Pon, Matt"]
[Result "1-0"]
[WhiteTitle "GM"]
[BlackTitle "FM"]
[WhiteElo "2557"]
[BlackElo "2165"]
[WhiteTeam "Gorky Stormbringers"]
[BlackTeam "Johannesburg Koeksisters"]
[WhiteFideId "4122232"]
[BlackFideId "14301644"]
[EventDate "2017.01.11"]

1. e4 e5 2. Nf3 Nc6 3. Bc4 Bc5 4. c3 Nf6 5. d3 d6 6. Bb3 a6 7. Nbd2 h6 8. h3 Ba7
9. Nf1 Ne7 10. Ng3 Ng6 11. O-O O-O 12. d4 Re8 13. Re1 Be6 14. Bc2 Bd7 15. Be3
Bc6 16. Qd2 exd4 17. Bxd4 Ne5 18. Bxa7 Nxf3+ 19. gxf3 Rxa7 20. Kh2 Bd7 21. Rg1
Kf8 22. f4 Qe7 23. Rae1 h5 24. e5 h4 25. Nf5 Bxf5 26. exf6 Qxf6 27. Rxe8+ Kxe8
28. Qe3+ Kf8 29. Qxa7 Bxc2 30. Qb8+ Ke7 31. Re1+ 1-0

[Event "PRO League Eastern 2017"]
[Site "chess.com INT"]
[Date "2017.01.11"]
[Round "1"]
[White "Shaposhnikov, Evgeny"]
[Black "Klaver, Cornelis"]
[Result "1/2-1/2"]
[WhiteTitle "GM"]
[WhiteElo "2557"]
[BlackElo "2117"]
[WhiteTeam "Gorky Stormbringers"]
[BlackTeam "Johannesburg Koeksisters"]
[WhiteFideId "4122232"]
[BlackFideId "14301725"]
[EventDate "2017.01.11"]

1. Nf3 Nf6 2. c4 c6 3. d4 d5 4. e3 e6 5. Nbd2 Nbd7 6. b3 Bd6 7. Bb2 O-O 8. Bd3
b6 9. O-O Bb7 10. Ne5 c5 11. f4 Ne4 12. cxd5 exd5 13. Nxe4 dxe4 14. Bc4 Nf6 15.
Qe2 cxd4 16. Bxd4 Bc5 17. Rad1 Qe7 18. Bxc5 Qxc5 19. Rd4 a6 20. a4 b5 21. axb5
axb5 22. Bxb5 Bd5 23. Bc4 Bxc4 24. Qxc4 Qxc4 25. bxc4 Ra2 26. h3 h5 27. Rfd1 h4
28. R4d2 Ra3 29. Kf2 Nh5 30. Rc1 Rfa8 31. c5 Ra2 32. Nc4 Ng3 33. c6 Ra1 34. Rd8+
Kh7 35. Rxa1 Rxa1 36. Nd2 Nh1+ 37. Ke2 1/2-1/2

[Event "PRO League Eastern 2017"]
[Site "chess.com INT"]
[Date "2017.01.11"]
[Round "1"]
[White "Pristalov, Evgeny"]
[Black "Cawdery, Daniel"]
[Result "0-1"]
[BlackTitle "IM"]
[WhiteElo "2213"]
[BlackElo "2418"]
[WhiteTeam "Gorky Stormbringers"]
[BlackTeam "Johannesburg Koeksisters"]
[WhiteFideId "24128937"]
[BlackFideId "14300249"]
[EventDate "2017.01.11"]

1. e4 c5 2. Nf3 d6 3. c3 Nf6 4. Be2 Nbd7 5. d3 g6 6. O-O Bg7 7. Re1 b6 8. Nbd2
Bb7 9. Bf1 Ne5 10. d4 Nxf3+ 11. Qxf3 O-O 12. Bd3 Nd7 13. Qe3 e5 14. dxc5 dxc5
15. Nc4 Qe7 16. Qg3 Rfd8 17. Bg5 f6 18. Be3 Nf8 19. Rad1 Ne6 20. h4 Rd7 21. Qg4
Rad8 22. Bc2 Rxd1 23. Rxd1 Rxd1+ 24. Qxd1 Bf8 25. a4 Bc6 26. Bb3 Bxe4 27. Na3
Kg7 28. Qd2 h5 29. Nb5 a6 30. Bh6+ Kh7 31. Bxf8 Nxf8 32. Nd6 Ba8 33. Nf7 g5 34.
hxg5 Ne6 35. Bxe6 Qxe6 36. Nd8 Qg4 37. Qd3+ Be4 38. Qf1 Qxg5 39. f3 Qe3+ 40. Kh2
Bd3 41. Qd1 c4 42. a5 b5 43. Nc6 Qf4+ 44. Kh1 h4 45. Qg1 h3 46. Qh2 Qc1+ 47. Qg1
hxg2+ 48. Kxg2 Qxb2+ 49. Kg3 Qd2 50. Qa7+ Kh6 51. Qf7 Qe1+ 52. Kg2 Bf1+ 53. Kh2
Qf2+ 54. Kh1 Qg2# 0-1

[Event "PRO League Eastern 2017"]
[Site "chess.com INT"]
[Date "2017.01.11"]
[Round "1"]
[White "Pristalov, Evgeny"]
[Black "Oberholzer, Francois"]
[Result "1-0"]
[BlackTitle "FM"]
[WhiteElo "2213"]
[BlackElo "2034"]
[WhiteTeam "Gorky Stormbringers"]
[BlackTeam "Johannesburg Koeksisters"]
[WhiteFideId "24128937"]
[BlackFideId "14302250"]
[EventDate "2017.01.11"]

1. e4 d6 2. d4 g6 3. Nf3 Bg7 4. Bd3 a6 5. O-O c5 6. dxc5 dxc5 7. Qe2 Nc6 8. Rd1
Qc7 9. Nc3 e6 10. g3 Nd4 11. Nxd4 cxd4 12. Nb1 Ne7 13. c3 Nc6 14. Bf4 e5 15. Bd2
O-O 16. Na3 Be6 17. Nc2 Rad8 18. cxd4 exd4 19. f4 Qd7 20. Rf1 f5 21. e5 Bd5 22.
Rac1 Rfe8 23. a4 Bf8 24. Na3 Nb4 25. Bxb4 Bxb4 26. Nc4 Re6 27. g4 Kh8 28. a5 Bc6
29. Nb6 Qf7 30. Bc4 Bxa5 31. Bxe6 Qxe6 32. Qc4 Qe8 33. Qc5 Bb5 34. Rfd1 d3 35.
b4 Bxb6 36. Qxb6 Qd7 37. Rc7 Qd4+ 38. Qxd4 Rxd4 39. gxf5 gxf5 40. e6 Rxf4 41. e7
Re4 42. Rxb7 f4 43. Kf2 h5 44. Kf3 Bc6 45. Rc7 Re6+ 46. Rxc6 Rxc6 47. e8=Q+ 1-0

[Event "PRO League Eastern 2017"]
[Site "chess.com INT"]
[Date "2017.01.11"]
[Round "1"]
[White "Yatzenko, Anton"]
[Black "Pon, Matt"]
[Result "1-0"]
[BlackTitle "FM"]
[WhiteElo "2361"]
[BlackElo "2165"]
[WhiteTeam "Gorky Stormbringers"]
[BlackTeam "Johannesburg Koeksisters"]
[WhiteFideId "4157826"]
[BlackFideId "14301644"]
[EventDate "2017.01.11"]

1. d4 Nf6 2. Nf3 g6 3. Bf4 Bg7 4. e3 O-O 5. Be2 b6 6. O-O Bb7 7. h3 d6 8. c3
Nbd7 9. a4 a5 10. Na3 Ne4 11. Bh2 h6 12. Qc2 f5 13. b4 Kh7 14. Nc4 axb4 15. cxb4
Qe8 16. a5 Qf7 17. axb6 cxb6 18. Rxa8 Rxa8 19. Nxb6 Nxb6 20. Qc7 Ba6 21. b5 Nd5
22. Qc6 Ndc3 23. Bc4 Bxb5 24. Bxb5 Ra3 25. Bc4 Qf8 26. Be6 Qb8 27. g4 fxg4 28.
hxg4 Qf8 29. Kg2 Qf6 30. Qc8 Ra8 31. Bg8+ Kh8 32. Qxa8 Bf8 33. Bd5 1-0